000 00585nam a2200205Ia 4500
005 20250508161629.0
008 008 250505s9999 xx 000 0 eng d
037 _aTextual
040 _aFEDL
_beng
_cFEDL
041 _aeng
_2eng
084 _a001.43, SJO
_qFEDL
100 _aSjoberg Gideon
245 0 _aMethodology for social research
260 _aNew York, USA
_bHarper and Row Publishers
_c1968
300 _ax, 355p.
650 _aExperimental Method
_9761721
700 _a Nett Roger
_9771111
942 _cTEXL
_h001.43, SJO
999 _c1371226
_d1371226